000 00399nam a2200157Ia 4500
008 230917s9999||||xx |||||||||||||| ||und||
020 _cPOU16.95
040 _e8806
_aMAIN
041 _aEnglish
082 _a327.51 B264M
100 _aBarnett, A Doak
245 0 _aMaking of foreign policy in China: Structure and process
260 _aLondon
_bIB Turis
_c1985
300 _a160 p.
942 _cBK
999 _c59623
_d59623